000
00217 a2200109 4500
020
_a
9781400034543
041
_a
eng
100
_a
Gabriel Garcia Marquez
245
_a
Living to tell lale
942
_c
BK
952
_7
1
999
_c
18909
_d
18909